Central Library OPAC University of Rajshahi

Alternative kilns & firing techniques : (Record no. 80171)

MARC details
000 -LEADER
fixed length control field 00949nam a2200313 a 4500
001 - CONTROL NUMBER
control field 80171
003 - CONTROL NUMBER IDENTIFIER
rucl marc code BD-RjUL
005 - DATE AND TIME OF LATEST TRANSACTION
control field 20220804122255.0
008 - FIXED-LENGTH DATA ELEMENTS--GENERAL INFORMATION
fixed length control field 220804s2004 nyua 001 0 eng
020 ## - INTERNATIONAL STANDARD BOOK NUMBER
International Standard Book Number 1579904556 (hard cover)
International Standard Book Number 9781579909529 (Pbk)
035 ## - SYSTEM CONTROL NUMBER
System control number (BD-RjUL)80171
040 ## - CATALOGING SOURCE
Original cataloging agency DLC
Transcribing agency DLC
Modifying agency DLC
-- BD-RjUL
Language of cataloging eng
041 ## - LANGUAGE CODE
Language code of text/sound track or separate title eng
082 00 - DEWEY DECIMAL CLASSIFICATION NUMBER
Edition number 23
Classification number 738.136
Author mark and year WAA 2004
100 1# - MAIN ENTRY--PERSONAL NAME
Personal name Watkins, James C.,
Dates associated with a name 1951-
9 (RLIN) 4287
245 10 - TITLE STATEMENT
Title Alternative kilns & firing techniques :
Remainder of title raku, saggar, pit, barrel /
Statement of responsibility, etc. James C. Watkins & Paul Andrew Wandless.
250 ## - EDITION STATEMENT
Edition statement 1st ed.
260 ## - PUBLICATION, DISTRIBUTION, ETC. (IMPRINT)
Place of publication, distribution, etc. New York :
Name of publisher, distributor, etc. Lark Books,
Date of publication, distribution, etc. c2004.
300 ## - PHYSICAL DESCRIPTION
Pagination 127 p. :
Illustrations col. ill. ;
Size 29 cm.
500 ## - GENERAL NOTE
General note Includes index.
650 #0 - SUBJECT ADDED ENTRY--TOPICAL TERM
Topical term or geographic name as entry element Kilns.
9 (RLIN) 4288
Topical term or geographic name as entry element Firing (Ceramics)
9 (RLIN) 4289
Topical term or geographic name as entry element Pottery craft.
9 (RLIN) 3726
Topical term or geographic name as entry element Raku pottery.
9 (RLIN) 4290
700 1# - ADDED ENTRY--PERSONAL NAME
Personal name Wandless, Paul Andrew.
942 ## - ADDED ENTRY ELEMENTS (KOHA)
Source of classification or shelving scheme Dewey Decimal Classification
Koha item type Books
Holdings
Lost status Source of classification or shelving scheme Damaged status Not for loan Collection code Permanent Location Current Location Shelving location Date acquired Source of acquisition Cost, normal purchase price Total Checkouts Full call number Date last seen Copy number Koha item type
  Dewey Decimal Classification   Not For Loan Non-fiction Central Library, University of Rajshahi Central Library, University of Rajshahi Reading Room 25/04/2022 Paragon Enterprise, Dhaka 2244.00   738.136 WAA 2004 04/08/2022 C-1 Books